№ 73; Наше наследие

Λεπτομέρειες βιβλιογραφικής εγγραφής
Parent link:Наше наследие: историко-культурный журнал. № 73.— , 1989-1991, 1995-2010.— 0234-1395
Γλώσσα:Ρωσικά
Έκδοση: 2005
Μορφή: Βιβλίο
KOHA link:https://koha.lib.tpu.ru/cgi-bin/koha/opac-detail.pl?biblionumber=396990

MARC

LEADER 00000nam2a2200000 4500
001 396990
005 20231101064830.0
035 |a (RuTPU)RU\TPU\prd\35553 
090 |a 396990 
100 |a 20050504a20059999m y0rusy50 ca 
101 0 |a rus 
102 |a RU 
200 0 |a № 73 
210 |d 2005 
461 1 |0 (RuTPU)RU\TPU\prd\1595  |x 0234-1395  |t Наше наследие  |o историко-культурный журнал  |v № 73  |d 1989-1991, 1995-2010 
801 0 |a RU  |b 63413507  |c 20010227  |g PSBO 
801 1 |a RU  |b 63413507  |c 20050504  |g PSBO 
801 2 |a RU  |b 63413507  |c 20140122  |g RCR 
942 |c BK 
999 |a НТБ_ТПУ  |b НФ  |e -1/20050104  |p П-5560  |s 10/20040924  |u 0,00  |v 1